Statistics for LANY Songs Quiz

Click here to take the quiz!

General Stats

  • This quiz has been taken 305 times
    (81 since last reset)
  • The average score is 49 of 95

Answer Stats

Album/EPSong% Correct
LANY13
88%
mama's boy (deluxe)you!
88%
Make OutILYSB
85%
LANYILYSB
85%
Make OutILYSB - STRIPPED
85%
Malibu NightsMalibu Nights
85%
kindapink skies
83%
a beautiful blurXXL
80%
a beautiful blurAlonica
78%
mama's boy (deluxe)cowboy in LA
78%
FeaturedMean It - Lauv
78%
Malibu NightsThick And Thin
75%
gg bb xx (deluxe)dancing in the kitchen
73%
mama's boy (deluxe)i still talk to jesus
73%
mama's boy (deluxe)i still talk to jesus - live
73%
Malibu NightsThru These Tears
70%
Malibu NightsValentine's Day
70%
LANYHericane
68%
gg bb xx (deluxe)dna
65%
gg bb xx (deluxe)dna [demo]
65%
a beautiful blurI Pray
65%
gg bb xx (deluxe)i quit drinking (with Kelsea Ballerini)
65%
a beautiful blurNo
65%
gg bb xx (deluxe)ex i never had
63%
LANYGood Girls
63%
Malibu NightsI Don't Wanna Love You Anymore
63%
LANYSuper Far
63%
mama's boy (deluxe)good guys
60%
a beautiful blurLove At First Fight
60%
gg bb xx (deluxe)up to me
60%
mama's boy (deluxe)anything 4 u
58%
a beautiful blurCongrats
58%
gg bb xx (deluxe)get away
58%
mama's boy (deluxe)heart won't let me
58%
mama's boy (deluxe)heart won't let me - stripped
58%
LANYHurts
58%
Malibu NightsLet Me Know
58%
mama's boy (deluxe)sad
58%
mama's boy (deluxe)sad - stripped
58%
a beautiful blurSugar & Cinnamon
58%
a beautiful blur'Cause You Have To
55%
mama's boy (deluxe)if this is the last time
55%
a beautiful blurOut Of My League
55%
kindacurrent location
53%
a beautiful blurIt Even Rains In LA
53%
a beautiful blur(Saturday Night) 3:22 A.M.
53%
Malibu NightsTaking Me Back
53%
I Loved You.4EVER!
50%
Malibu NightsIf You See Her
50%
gg bb xx (deluxe)never mind, let's break up
50%
mama's boy (deluxe)paper
50%
gg bb xx (deluxe)roll over, baby
50%
Malibu NightsRun
50%
gg bb xx (deluxe)somewhere
48%
gg bb xx (deluxe)care less
45%
a beautiful blurHome Is Where The Hurt Is
45%
Make OutMade In Hollywood
45%
gg bb xx (deluxe)the older you get, the less you cry
45%
mama's boy (deluxe)bad news
43%
kindaquit
43%
mama's boy (deluxe)when you're drunk
43%
kindayea, babe, no way
43%
a beautiful blurHeartbreak Can Wait
40%
gg bb xx (deluxe)live it down
40%
mama's boy (deluxe)nobody else
40%
gg bb xx (deluxe)remember that
40%
gg bb xx (deluxe)'til i don't
40%
mama's boy (deluxe)(what i wish just one person would say to me) aka happy 4 u
40%
LANYFlowers On The Floor
38%
LANYIt Was Love
38%
LANYPancakes
38%
LANYParents
38%
mama's boy (deluxe)sharing you
38%
I Loved You.Someone Else
38%
gg bb xx (deluxe)Stupid Feelings (with 220 Kid)
38%
LANYThe Breakup
38%
Make OutBad, Bad, Bad
35%
I Loved You.Bad, Bad, Bad (Matt DiMona Remix)
35%
kindalike you lots
35%
gg bb xx (deluxe)one minute left to live
35%
kindaWHERE THE HELL ARE MY FRIENDS
35%
gg bb xx (deluxe)i didn't lie
33%
I Loved You.youarefire
33%
Make OutBRB / Kiss
30%
gg bb xx (deluxe)i die first
30%
I Loved You.I Don't Care
30%
Singleokay (with Julia Michaels)
30%
LANYOvertime
30%
LANYPurple Teeth
30%
LANYSo, Soo Pretty
30%
LANYTampa
30%
Make OutWalk Away
30%
Featureddlma </3 - Bazzi
28%
LANYDumb Stuff
28%
gg bb xx (deluxe)they don't make 'em like you anymore
25%

Score Distribution

Percentile by Number Answered

Percent of People with Each Score

Your Score History

You have not taken this quiz since the last reset